Summer Olympic Sports - Sudden Death - Statistics

General Stats
  • This quiz has been taken 13,895 times
    13,828 since last reset
  • The average score is 10 of 20
Answers on the Grid
Answers color-coded by a green-red scale on the quiz's grid according to % correct below.
Badminton
Basketball
Bowling
Boxing
Cricket
Darts
Diving
Fencing
Field Hockey
Futsal
Golf
Handball
Ice Hockey
Ice Skating
Javelin
Judo
Karate
Lacrosse
Polo
Rowing
Rugby Sevens
Sailing
Skateboarding
Skiing
Snooker
Softball
Sport Climbing
Squash
Sumo
Table Tennis
Taekwondo
Tennis
Tug of war
Volleyball
Weightlifting
 
Answer Stats
Answer % Correct
Basketball
85%
Badminton
73%
Boxing
69%
Diving
62%
Fencing
60%
Javelin
52%
Judo
48%
Handball
46%
Rowing
45%
Field Hockey
44%
Golf
44%
Tennis
44%
Volleyball
44%
Table Tennis
42%
Weightlifting
39%
Sailing
37%
Skateboarding
34%
Rugby Sevens
28%
Taekwondo
28%
Sport Climbing
27%
No matching quizzes found
Score Distribution
Percent of People with Each Score
Percentile by Number Answered
Your Score History
You have not taken this quiz since the last reset